Normal view MARC view
  • Anjam Rehmani

Entry Personal Name

Number of records used in: 4

001 - CONTROL NUMBER

  • control field: 3593

003 - CONTROL NUMBER IDENTIFIER

  • control field: NUST

005 - DATE AND TIME OF LATEST TRANSACTION

  • control field: 20170726193741.0

008 - FIXED-LENGTH DATA ELEMENTS

  • fixed length control field: 170726|| aca||aabn | a|a d

040 ## - CATALOGING SOURCE

  • Original cataloging agency: NUST
  • Transcribing agency: NUST

100 ## - HEADING--PERSONAL NAME

  • Personal name: Anjam Rehmani

670 ## - SOURCE DATA FOUND

  • Source citation: Work cat.: (NUST): Anjam Rehmani, Muraqa Lahore/, 2009
© 2023 Central Library, National University of Sciences and Technology. All Rights Reserved.